000
00352nam a2200133Ia 4500
008
100328s9999 xx 000 0 und d
082
_b
64927
100
_a
शिरवळकर सुहास.
245
_a
प्रयास.
260
_b
शशिदीप.
630
_a
प्रयास.
730
_a
प्रयास.
942
_c
BOOK
999
_c
550680
_d
550677